O problema do Cancro (Record no. 45446)

MARC details
000 -Etiqueta do registo
Valores 00556cam a22001811 4500
100 ## - Dados gerais de processamento
Dados gerais 19981228d1941 m y0pory5003 ba
101 0# - Língua de publicação
Língua por
102 ## - País de publicação
País PT
200 1# - Titulo e menção de responsabilidade
Título próprio O problema do Cancro
Primeira menção de responsabilidade pelo Instituto Português de Oncologia
210 #9 - Publicação
Local de publicação Lisboa
Nome do editor Edições Cosmos,
Data de publicação imp. 1941
215 ## - Descrição física 
Paginação / Volumes 107, [5] p.
Dimensões 20 cm
225 2# - Colecção 
Título próprio da colecção Biblioteca Cosmos
Indicação de volume 8.
Número de parte ou secção 1.ª seccão.
Nome de parte ou secção Ciências e técnica. Ciências Biológicas
Indicação de volume 2
675 ## - CDU
Notação 616
710 01 - Autor entidade principal
Nome da entidade Portugal.
Subdivisão Instituto Português de Oncologia
801 #0 - Fonte de origem
País PT
Agência BN
Regras de catalogação RPC
990 ## - Elementos KOHA
Tipo de documento Livro
Holdings
Aquisição Empréstimo Código de barras Cota Permissão de empréstimo Tipo de documento Nota relativa ao exemplar
Biblioteca Municipal de Redondo Biblioteca Municipal de Redondo 056167 616 INS   Livro oferta de Vergílio Ambrósio

Powered by Koha